| 000 | 00512nam a2200169Ia 4500 | ||
|---|---|---|---|
| 999 |
_c7218 _d7218 |
||
| 003 | OSt | ||
| 005 | 20200130133411.0 | ||
| 008 | 190216s9999||||xx |||||||||||||| ||und|| | ||
| 020 | _a9788126133055 | ||
| 040 | _coclc | ||
| 082 |
_a352.3802854678 _bTRI/E |
||
| 100 |
_a Tripathi, Vishwas _91130 |
||
| 245 | 0 |
_aE-Governance In India / _cVishwas Tripathi |
|
| 260 |
_bAnmol Publications, _c2008. _aNew Delhi: |
||
| 300 | _a264p | ||
| 942 |
_cBK _2ddc _h352.3802854678 _iTRI/E _k352.3802854678 _mTRI/E |
||